| 000 | 00528nam a22001817a 4500 | ||
|---|---|---|---|
| 003 | CEME | ||
| 005 | 20210628210114.0 | ||
| 008 | 210211b xxu||||| |||| 00| 0 eng d | ||
| 020 | _a1-56091-393-2 | ||
| 040 | _c. | ||
| 082 | _a629.2-S BEA | ||
| 100 |
_aNeale, M.J _966699 |
||
| 245 | _aBearings a tribology handbo | ||
| 260 |
_aBOSTON _bBUTTERWORTH HEINEMANN _c1998 |
||
| 300 | _a137P | ||
| 650 |
_aBEARINGS-SELECTION BEARINGS-TYPES BEARINGS-ELECTROMAGNETIC BEARINGS SURFACE TREATMENT AND COATING _978146 |
||
| 942 |
_cBK _2ddc |
||
| 999 |
_c583305 _d583305 |
||